The House of the Seven Gables / Nathaniel Hawthorne
Novela de ficción gótica, que transcurre en el siglo XVII, en la pequeña localidad de Salem en Nueva Inglaterra, gira en torno a la construcción de una mansión en un lugar donde antes se había practicado rituales de brujería, lo que generará que la nueva arquitectura esté endemoniada y que su dueño...
Uloženo v:
| Hlavní autor: | |
|---|---|
| Médium: | Kniha |
| Jazyk: | Undetermined |
| Vydáno: |
New York, Estados Unidos
Harper and Row
1965
|
| Témata: | |
| Tagy: |
Přidat tag
Žádné tagy, Buďte první, kdo vytvoří štítek k tomuto záznamu!
|
MARC
| LEADER | 00000nam a2200000Ia 4500 | ||
|---|---|---|---|
| 008 | 170316s9999 xx 000 0 und d | ||
| 040 | |a cru BVZT | ||
| 090 | |a 810 H-10ho | ||
| 100 | |a Hawthorne, Nathaniel | ||
| 245 | 4 | |a The House of the Seven Gables / Nathaniel Hawthorne | |
| 260 | |a New York, Estados Unidos | ||
| 260 | |b Harper and Row | ||
| 260 | |c 1965 | ||
| 300 | |a 268 páginas | ||
| 520 | |a Novela de ficción gótica, que transcurre en el siglo XVII, en la pequeña localidad de Salem en Nueva Inglaterra, gira en torno a la construcción de una mansión en un lugar donde antes se había practicado rituales de brujería, lo que generará que la nueva arquitectura esté endemoniada y que su dueño muera de forma inesperada en el día de su inauguración, luego de adquirir una maldición que ha caído sobre él y todos sus descendientes. | ||
| 650 | |a LITERATURA ESTADOUNIDENSE |9 25 | ||
| 999 | |c 5699 |d 5699 | ||
| 942 | |c 15 D |h 810 H-10ho |2 z | ||
